Variations de la vitesse et volatilité de la croissance monétaire: le cas francais.
Skúmanie vplyvu nestálosti finančného rastu na vývoj rýchlosti obehu peňazí vo Francúzsku. Porovnanie s ostatnými priemyselnými krajinami. Možné dôsledky úplnej liberalizácie na kapitálových trhoch. Umenie predvídať. Základné ukazovatele finančného rastu a jeho hranice. Matematické a grafické znázor...
Saved in:
| Main Author: | |
|---|---|
| Format: | Book Chapter |
| Language: | French |
| Subjects: | |
| Tags: |
No Tags, Be the first to tag this record!
|
MARC
| LEADER | 00000naa a2200000 4500 | ||
|---|---|---|---|
| 001 | r006463 | ||
| 005 | 20221125091732.2 | ||
| 041 | 0 | |a fre | |
| 044 | |a FR | ||
| 245 | 1 | 0 | |a Variations de la vitesse et volatilité de la croissance monétaire: le cas francais. |c C. Bordes |
| 520 | |a Skúmanie vplyvu nestálosti finančného rastu na vývoj rýchlosti obehu peňazí vo Francúzsku. Porovnanie s ostatnými priemyselnými krajinami. Možné dôsledky úplnej liberalizácie na kapitálových trhoch. Umenie predvídať. Základné ukazovatele finančného rastu a jeho hranice. Matematické a grafické znázornenie problému. | ||
| 610 | 2 | 0 | |a financie |
| 610 | 2 | 0 | |a obeh peňažný |
| 610 | 2 | 0 | |a Francúzsko |
| 610 | 2 | 0 | |a priemysel |
| 610 | 2 | 0 | |a liberalizácia |
| 610 | 2 | 0 | |a trh kapitálový |
| 610 | 2 | 0 | |a modely ekonomicko-matematické |
| 610 | 2 | 0 | |a ukazovatele finančné |
| 100 | 1 | |a Bordes, C. | |